My Top 15 Favorite Hockey Players - Statistics

General Stats
  • This quiz has been taken 4 times
  • The average score is 10 of 15
Answer Stats
Hint Answer % Correct
3 David Pastrnak BOS
100%
10 Adam Fox NYR
67%
13 Alex Ovechkin WSH
67%
14 Andrei Svechnikov CAR
67%
11 Artemi Panarin NYR
67%
2 Auston Matthews TOR
67%
6 Cale Makar COL
67%
1 Connor Bedard CHI
67%
4 Connor McDavid EDM
67%
9 Jack Eichel VGK
67%
15 Mitch Marner TOR
67%
7 Nathan Mackinnon COL
67%
5 Steven Stamkos TBL
67%
8 Tyler Seguin DAL
67%
12 Patrick KaneDET
33%
No matching quizzes found
Score Distribution
Percent of People with Each Score
Percentile by Number Answered
Your Score History
You have not taken this quiz